000
00193nam a22000977a 4500
082
_a
641.42 HOM'E
245
_a
HOME CANNING
260
_a
CALIFORNIA
_b
LANE
_c
1975
300
_a
96P
942
_c
BK
999
_c
581635
_d
581635